header

Stochastic reliability modeling, optimization and applications (Record no. 142034)

MARC details
000 -LEADER
fixed length control field 01288nam a2200325 a 4500
082 04 - DEWEY DECIMAL CLASSIFICATION NUMBER
Classification number 620/.00452
245 00 - TITLE STATEMENT
Title Stochastic reliability modeling, optimization and applications
260 ## - PUBLICATION, DISTRIBUTION, ETC. (IMPRINT)
Place of publication Singapore ;
-- Hackensack, NJ :
Name of publisher World Scientific,
Year of publication c2010.
300 ## - PHYSICAL DESCRIPTION
Number of Pages xvi, 300 p. :
Other physical details ill.
650 #0 - SUBJECT ADDED ENTRY--TOPICAL TERM
Topical Term Reliability (Engineering)
Topical Term Stochastic systems.
700 1# - ADDED ENTRY--PERSONAL NAME
Personal name Nakamura, Syouji.
Personal name Nakagawa, Toshio,
856 40 - ELECTRONIC LOCATION AND ACCESS
Uniform Resource Identifier http://site.ebrary.com/lib/rucke/Doc?id=10422353

No items available.

© 2026 Rongo University
Contact us: librarian | system librarian | Rongo university